000 00337nam a2200133Ia 4500
008 230312s9999||||xx |||||||||||||| ||und||
082 _a657
_bWIL-F
100 _aWilliams;Jan.R
245 0 _aFinancial & Management Accounting
300 _a1157
546 _aEng.
650 _aAccounting
_vFinancial & Managerial Accounting
942 _cBK
999 _c7210
_d7210